Normal view
MARC view
- Ellis, Charlotte,
Entry Personal Name
001 - CONTROL NUMBER
- control field: 12509
003 - CONTROL NUMBER IDENTIFIER
- control field: NUST
005 - DATE AND TIME OF LATEST TRANSACTION
- control field: 20181031044123.0
008 - FIXED-LENGTH DATA ELEMENTS
- fixed length control field: 181031|| aca||aabn | a|a d
040 ## - CATALOGING SOURCE
- Original cataloging agency: NUST
- Transcribing agency: NUST
100 ## - HEADING--PERSONAL NAME
- Personal name: Ellis, Charlotte,
- Dates associated with a name: 1966-
670 ## - SOURCE DATA FOUND
- Source citation: Work cat.: (NUST)0: Hardingham, Alison, 1955- 12507, The ultimate team-building toolkit :, 2002.
